000 02251cam a2200493 a 4500
003 CHAP
005 20220329143117.0
008 060421d2005 mx 00010 spa d
010 _a92057
011 _a93029
035 _a103600
040 _cCHAP
090 _aCD-163 (2005)
110 2 _aInstituto Nacional de Estadística, Geografía e Informática. México
_959304
245 1 0 _aSistema para la consulta del anuario estadístico del estado de... (disco compacto)
_c/por Instituto Nacional de Estadística, Geografía e Informática
260 _aAguascalientes, Ags. :
_bInstituto Nacional de Estadística, Geografía e Informática,
_c2005.
300 _a1 disco compacto
_c4 3/4 plgs.
500 _aLa biblioteca tiene : Baja California.-- Colima.-- Chiapas.-- Durango.-- Hidalgo.-- Nayarit.-- Sonora.-- Tlaxcala.--Veracruz de Ignacio de la LLave.--
590 _aBATCH-UPD
_b10
_c20130109
_lUCH01
_h2350
590 _aBATCH-UPD
_b10
_c20130110
_lUCH01
_h1733
590 _aBATCH-UPD
_b10
_c20130409
_lUCH01
_h1921
590 _aBATCH-UPD
_b10
_c20130410
_lUCH01
_h1113
590 _aBATCH-UPD
_b10
_c20130815
_lUCH01
_h0201
590 _aBATCH-UPD
_b10
_c20130914
_lUCH01
_h0524
590 _aCONVERSION
_b10
_c20130109
_lUCH01
_h1351
650 1 4 _aBaja California
_xEstadísticas.
_99488
650 1 4 _aChiapas
_xEstadísticas.
_922233
650 1 4 _aColima
_xEstadísticas.
_925165
650 1 4 _aHidalgo
_xEstadísticas.
_955174
650 1 4 _aNayarit
_xEstadísticas.
_980626
650 1 4 _xVeracruz
_aVeracruz.
_9175400
901 _aBK
905 _aLilia
942 _cCD
949 _aCD-163 (2005)
_bBC
_cCD
_d33724000718441
_eCD
_fHgo.
_i103600
_sb
949 _aCD-163 (2005)
_bBC
_cCD
_d33724000718458
_eCD
_fChis.
_i103600
_sb
949 _aCD-163 (2005)
_bBC
_cCD
_d33724000718466
_eCD
_fVer.
_i103600
_sb
949 _aCD-163 (2005)
_bBC
_cCD
_d33724000718581
_eCD
_fCol.
_i103600
_sb
949 _aCD-163 (2005)
_bBC
_cCD
_d33724000985826
_eCD
_fB.C.
_i103600
_sb
949 _aCD-163 (2005)
_bBC
_cCD
_d33724000985875
_eCD
_fNay.
_i103600
_sb
949 _aCD-163 (2005)
_bBC
_cCD
_d33724000993614
_eCD
_fTlax.
_i103600
_sb
949 _aCD-163 (2005)
_bBC
_cCD
_d33724000993796
_eCD
_fDgo.
_i103600
_sb
949 _aCD-163 (2005)
_bBC
_cCD
_d33724000993853
_eCD
_fSon.
_i103600
_sb
999 _c92057
_d92057